LDR 00923naa#a2200169#i#450# 001 RU\\bibl\20112 005 20260702061117.4 100 ## _a20260630b2026####ek#y0rusy0150####ca 102 ## _aRU 200 1# _aМЕТОДИКА ПРОЕКТИРОВАНИЯ ИНТЕЛЛЕКТУАЛЬНОЙ СИСТЕМЫ ПРОГНОЗИРОВАНИЯ АВАРИЙНОСТИ НА ОСНОВЕ АЛГОРИТМОВ ГРАДИЕНТНОГО БУСТИНГА _eСтатья/тезисы конференции 210 1# _aВоронеж _cВоронежский государственный лесотехнический университет имени Г.Ф. Морозова _d2026 215 ## _a6 с. 608 ## _aСтатья/тезисы конференции _2local 675 ## _aМетоды решения задач. 004.02 _z 700 #1 _aГидулян _gА. В. 700 #1 _aСахаров _gСергей Леонидович 856 4# _abibl.vgltu.ru _u